Оптимизация параметров ударных механизмов отбойных молотков на основе изучения термодинамических прцесов: Отчет о НИР; Тема: № 61/72

Detalhes bibliográficos
Autor Corporativo: Томский политехнический институт (ТПИ) (595)
Outros Autores: Горбунов В. Ф. (руководитель), Бабуров В. И. (исполнитель)
Idioma:russo
Publicado em: Томск, 19873
Assuntos:
Formato: MixedMaterials Livro
KOHA link:https://koha.lib.tpu.ru/cgi-bin/koha/opac-detail.pl?biblionumber=168304

MARC

LEADER 00000nbm0a2200000 4500
001 168304
005 20231031163051.0
035 |a (RuTPU)RU\TPU\book\182613 
090 |a 168304 
100 |a 20091027d1973 k y0rusy50 ca 
101 0 |a rus 
102 |a RU 
105 |a a p 001zy 
200 1 |a Оптимизация параметров ударных механизмов отбойных молотков на основе изучения термодинамических прцесов  |e Отчет о НИР  |e Тема: № 61/72  |f Томский политехнический институт (ТПИ) ; руководитель В. Ф. Горбунов ; В. И. Бабуров 
210 |a Томск  |d 19873 
215 |a 19 л. 
320 |a Библиогр.: с. 19. 
610 1 |a отчеты о НИР 
610 1 |a термодинамические процессы 
610 1 |a ударные механизмы 
610 1 |a отбойные молотки 
610 1 |a параметры 
610 1 |a оптимизация 
610 1 |a гидроударники 
610 1 |a пневмоаккумулятор 
675 |a 622.243.2(04)  |v 3 
702 1 |a Горбунов  |b В. Ф.  |4 673 
702 1 |a Бабуров  |b В. И.  |4 677 
712 0 2 |a Томский политехнический институт (ТПИ)  |c (1944-1991)  |2 stltpush  |3 (RuTPU)RU\TPU\col\1123  |4 595 
801 1 |a RU  |b 63413507  |c 20091027 
942 |c BK